Driving shareholder value : Value-building techniques for creating shareholder wealth

Bibliographic Details
Main Author: Morin, Roger A.
Other Authors: Jarrell
Format: Book
Published: New York : Mc Graw-Hill , 2001
Subjects:

MARC

LEADER 00000cam a2200000 7i4500
001 0000012039
005 20050509.0
020 |a 007135983 
040 |a INS 
090 0 0 |a HG4028.V3   |b M665 2001 
100 1 |a Morin, Roger A. 
245 1 0 |a Driving shareholder value :   |b Value-building techniques for creating shareholder wealth   |c Roger A. Morin 
260 |a New York :   |b Mc Graw-Hill ,   |c 2001 
300 |a xiii :   |b 399p ;   |c 24cm. 
650 0 0 |a Corporate profits 
650 0 0 |a Corporations   |x Growth 
650 0 0 |a Corporations   |x Valuation 
650 0 0 |a Economic value added 
650 0 0 |a Industrial management 
650 0 0 |a Stocks/prices 
700 0 |a Jarrell   |x Sherry L. 
999 |a 0000012816   |b BOOK   |c Open Shelf   |e Default branch